| 000 | 01130cad a22002175a 4500 | ||
|---|---|---|---|
| 001 | E145884 | ||
| 008 | 081119s2008 xxk f s000 0 eng d | ||
| 035 | _a(Sirsi) u145884 | ||
| 041 | 0 | _aeng | |
| 050 | 0 | 4 | _a333.790941 $2 18 |
| 110 | 2 |
_aAEA Technology _92666 |
|
| 245 | 0 | 0 |
_aMitigating against climate change in Scotland _bidentification and initial assessment of policy options _h[electronic resource] |
| 260 |
_aGlengarnock (Ayreshire) _bAEA Technology _c2008 |
||
| 520 | _aThe final report for the Scottish Government's project "Mitigating against climate change in Scotland: identification and initial assessment of policy options". Discusses the policy options for achieving climate change objectives, including the Scottish Government's target of reducing emissions by 80% against 1990 levels by the year 2050. | ||
| 521 | _aAdvanced | ||
| 590 | _aKA | ||
| 651 | 4 |
_aScotland _y1999- |
|
| 690 | _aENVIRONMENTAL AND LAND CONSULTANCY-ENERGY-ENERGY USE-ENERGY CONSERVATION | ||
| 856 | 4 | 0 |
_uhttps://www.scotland.gov.uk/Publications/2008/11/13155141/0 _zView the report free of charge at www.scotland.gov.uk... |
| 942 | _n0 | ||
| 999 |
_c108956 _d108956 |
||